|
|
|
|
| LEADER |
01799nam a2200493 a 4500 |
| 001 |
nkc20051570661 |
| 003 |
CZ PrNK |
| 005 |
20060206110728.0 |
| 007 |
ta |
| 008 |
050607s2005 xr a f 000 0 cze |
| 015 |
|
|
|a cnb001570661
|
| 020 |
|
|
|a 80-86928-02-0
|q (brož.)
|
| 035 |
|
|
|a (OCoLC)85155473
|
| 040 |
|
|
|a BOA001
|b cze
|d ABA001
|
| 072 |
|
7 |
|a 792
|x Divadlo. Divadelní představení
|2 Konspekt
|9 3
|
| 080 |
|
|
|a 37.016:792
|2 MRF
|
| 080 |
|
|
|a 792.028
|2 MRF
|
| 080 |
|
|
|a 159.9
|2 MRF
|
| 080 |
|
|
|a 316.776
|2 MRF
|
| 080 |
|
|
|a (082)
|2 MRF
|
| 100 |
1 |
|
|a Vyskočil, Ivan,
|d 1929-2023
|7 jk01151228
|4 aut
|
| 245 |
1 |
0 |
|a Dialogické jednání s vnitřním partnerem /
|c Ivan Vyskočil & kol. ; [kresby Jan Zich]
|
| 250 |
|
|
|a Vyd. 1.
|
| 260 |
|
|
|a V Brně :
|b Janáčkova akademie múzických umění,
|c 2005
|
| 300 |
|
|
|a 135 s. :
|b il. ;
|c 19 cm
|
| 504 |
|
|
|a Obsahuje bibliografii a bibliografické odkazy
|
| 650 |
0 |
7 |
|a dramatická výchova
|7 ph114357
|2 czenas
|
| 650 |
0 |
7 |
|a herectví
|7 ph120683
|2 czenas
|
| 650 |
0 |
7 |
|a psychologie
|7 ph115948
|2 czenas
|
| 650 |
0 |
7 |
|a dialog
|7 ph119422
|2 czenas
|
| 650 |
0 |
9 |
|a drama in education
|2 eczenas
|
| 650 |
0 |
9 |
|a acting
|2 eczenas
|
| 650 |
0 |
9 |
|a psychology
|2 eczenas
|
| 650 |
0 |
9 |
|a dialogue
|2 eczenas
|
| 653 |
0 |
|
|a dialogické jednání
|
| 655 |
|
7 |
|a sborníky
|7 fd163935
|2 czenas
|
| 655 |
|
9 |
|a miscellanea
|2 eczenas
|
| 856 |
4 |
1 |
|u http://www.digitalniknihovna.cz/mzk/uuid/uuid:88e7f080-524d-11e6-ab2f-005056827e52
|y Digitalizovaný dokument
|x NDK
|
| 910 |
2 |
|
|a BOA001
|b 1-1154.864
|
| 990 |
|
|
|a BK
|
| 995 |
|
|
|a 01
|
| 991 |
|
|
|b 200508
|c NOV
|
| 996 |
6 |
|
|b 2610254881
|c 1-1154.864
|l MZK
|r Sklad / do 1 hodiny
|n 11
|p p.v.
|w 000780021
|u 000010
|a 1
|e BOA001
|j MZK50
|s P
|
| 996 |
7 |
|
|b 2610254882
|c 1-1154.864
|l MZK
|r Sklad / do 1 hodiny
|n 43
|p p.v.
|w 000780021
|u 000020
|a 1
|e BOA001
|j MZK50
|s A
|